Studies on rice yellow orange leaf virus disease in Thailand

Đã lưu trong:
书目详细资料
主要作者: Toshihiko Hino
格式: 图书
语言:Undetermined
出版: Tokyo Kogusuri Printing Co 1974
主题:
标签: 添加标签
没有标签, 成为第一个标记此记录!
Thư viện lưu trữ: Trung tâm Học liệu Trường Đại học Cần Thơ
LEADER 00612nam a2200181Ia 4500
001 CTU_38685
008 210402s9999 xx 000 0 und d
082 |a 633.189 
082 |b H659 
100 |a Toshihiko Hino 
245 0 |a Studies on rice yellow orange leaf virus disease in Thailand 
245 0 |c Toshihiko Hino, Luansark Wathanakul, Nopporn Nabheerong, Preecha Surin 
260 |a Tokyo 
260 |b Kogusuri Printing Co 
260 |c 1974 
650 |a rice - diseases and pest - thailand,virus diseases of plants 
904 |i Liên, 990819 
980 |a Trung tâm Học liệu Trường Đại học Cần Thơ